00659nam a22001697a 4500003000400000005001700004008004100021040001800062100003300080245015700113260002300270650006300293650002500356650003700381700002800418856004300446OSt20240912154004.0240912b ||||| |||| 00| 0 eng d cAIMIT LIBRARY aVishwanath, Shraya.e2216193 aStudy on impact of HR training on employee performance at nuclear power corporation of india limited /cBy Shraya Vishwanath ; Guided by Ravi Kudtarkar. aMangalore ;c2024. aIndustry profile company profile and introduction to study aResearch methodology aData analysis and interpretation aKudtarkar, Ravi.eGuide 3Nuclear power corporation of india ltd